1316 1592 1453 1315 1734 1185 1604 1141 1527 1151 1941 1875 1067 1488 1110 1583 1479 1362 1884 1109 1347 1257 1879 1264 1465 1541 1116 1218 1371 1750 1117 1909 1507 1529 1948 1006 1934 1245 1662 1217 1926 1533 1174 1226 1457 1027 1308 1171 1207 1206 1338 1449 1476 1083 1204 1265 1058 1172 1549 1778 1374 1581 1742 1498 1453 1103 1917 1062 1247 1531 1446 1581 1595 1737 1150 1150 1320 1206 1484 1010 1409 1728 1666 1719 1936 1363 1046 1886 1696 1785 1137 1371 1667 1519 1282 1087 1642 1016 1606 BCNSPRNW ULIB Ver.6.0+V

เปลี่ยนเป็นภาษาไทย

Change to English
 แสดงรายละเอียดบรรณานุกรม
  กลับหน้าหลัก

Brief Record : Get Marc (ISO 2709) : E-mail record : QR code < ปิดหน้าต่าง
LEADER : 00000nam 2200000uu 4500
001    13399120255
003     ULIB
008    120917s2548||||th 000 0 tha d
020    ^a9789744725110
050 04 ^aQU4^bL111ค 2548
100 1  ^aไรอัน, ลอว์รี
245 10 ^aเคมี /^cLawrie Ryan ; แปล: จินดา อุดชาชน ... [และคนอื่นๆ]
250    ^aพิมพ์ครั้งที่ 6
260    ^aกรุงเทพฯ :^bนานมีบุ๊คส์พับลิเคชั่นส์,^c2548
300    ^a352 หน้า :^bภาพประกอบ
500    ^aหนังสือเสริมเพื่อการเรียนวิทยาศาสตร์ระดับมัธยมศึกษาหลักสูตรแห่งชาติระดับมัธยมศึกษา (GCSE) ของประเทศอังกฤษ
650  7 ^aเคมี
700 00 ^aจินดา อุดชาชน,^eแปล
945    ^p450^l0^i14800
995    ^aกัณชพร
999    ^aใช้งานได้ทุกระบบ
รายการนี้ยังไม่มีแท็ก
คุณยังไม่ได้ล็อกอิน คุณสามารถมีกิจกรรมร่วมกับเว็บไซต์ได้ แต่ต้องล็อกอินก่อน ::
  ล็อกอิน

รายการสื่อสารสนเทศ

ลำดับที่ ประเภท เลขเรียก/บาร์โค้ด สถานที่ สถานะ
1. วิทยาศาสตร์การแพทย์ และสุขภาพ
วิทยาศาสตร์การแพทย์ และสุขภาพ
QU4 L111ค 2548  
  Barcode: 14800
ห้องสมุดวิทยาเขตสวรรค์ประชารักษ์
►หนังสือทั่วไป
บนชั้น

รายการใกล้เคียง
    ผู้แต่ง [ไรอัน, ลอว์รี]

    หัวเรื่อง [เคมี]

BibComment


ยังไม่เคยถูกคอมเมนท์

คอมเมนท์ทรัพยากรรายการนี้
  คอมเมนท์: เคมี Lawrie Rya..


 Copyright 2026. Bcnsprnw @Library